Movies Quiz

Random Movies or Star Wars Quiz

Star Wars Crawl (Episode VI) Quiz Stats

Quiz Updated Dec 23, 2016

Challenge
Share
Tweet
Embed
Score 0/78 Timer 06:00
5 Plays Today
% Correct
the
93.2%
the
93.2%
the
93.2%
the
93.2%
the
93.1%
the
93.1%
the
93.1%
a
92.6%
Luke
87.9%
Luke
87.9%
Skywalker
84.9%
Han
80.9%
Solo
79.7%
Star.
78.4%
Death
76.5%
EMPIRE
76.1%
an
75.5%
of
75.2%
of
75.2%
of
75.2%
in
75%
to
74%
to
74%
to
74%
to
74%
Jabba
72.7%
Hutt.
71.6%
has
70.3%
has
70.3%
planet
66.9%
galaxy...
65.6%
from
63.6%
his
63%
his
63%
Tatooine
61.8%
friend
60.8%
rescue
60.2%
on
59.4%
home
58.7%
% Correct
new
56.7%
for
56.5%
clutches
53.9%
returned
53.4%
attempt
52.7%
GALACTIC
50%
space
45.7%
gangster
44.4%
rebels
43.6%
station
41.8%
begun
40.6%
construction
40.4%
that
37.6%
more
37.4%
than
37.4%
powerful
37.1%
weapon
34.6%
vile
34.4%
first
33.9%
restore
33.2%
know
32.2%
will
32.1%
even
31.6%
freedom
31.1%
does
30%
When
29.6%
Little
28.8%
this
28.1%
armored
24.6%
dreaded
24.1%
band
23.1%
secretly
22.9%
completed,
21.3%
small
21.3%
ultimate
19.3%
doom
18.2%
spell
17.8%
certain
17.3%
struggling
13.3%

You're not logged in!

Compare scores with friends on all Sporcle quizzes.
Sign Up with Email
OR
Log In

You Might Also Like...

Show Comments

Extras

Top Quizzes Today


Score Distribution

Your Account Isn't Verified!

In order to create a playlist on Sporcle, you need to verify the email address you used during registration. Go to your Sporcle Settings to finish the process.